| 000 | 00824cam a2200253 a 4500 | ||
|---|---|---|---|
| 001 | 000019559 | ||
| 005 | 20200929170046.0 | ||
| 008 | 770801s1964 sp 001 e spa d | ||
| 040 |
_aDO-SdBNP _bspa _cLC _dBNPHU |
||
| 082 |
_a864.6 _bC335cr, 1964 |
||
| 100 | 1 |
_aCasares, Julio, _d1877-1964 _941471 |
|
| 245 | 1 | 0 |
_aCrítica profana : _bValle-Inclán, "Azorín", Ricardo León / _cJulio Casares. |
| 250 | _a3a ed. | ||
| 260 |
_aMadrid : _bEspasa-Calpe, _c1964. |
||
| 300 |
_a227, [16] p. ; _c18 cm. |
||
| 490 | 1 |
_aAustral. Verde: ensayos y filosofía _v469 |
|
| 500 | _aIncluye índice de autores. | ||
| 650 | 4 |
_aEnsayos españoles _93095 |
|
| 650 | 4 |
_aLiteratura española _9632 |
|
| 830 | 0 |
_aAustral. _pVerde: ensayos y filosofía; _v469 _98733 |
|
| 910 | _aCatalogación derivada / LC | ||
| 910 | _aWM | ||
| 049 | _aBNGR | ||
| 999 |
_c19075 _d19075 |
||